| 000 | 00704 a2200193 4500 | ||
|---|---|---|---|
| 005 | 20240802150227.0 | ||
| 010 | _aB-758956 | ||
| 020 |
_a8188521159 _c400.00 |
||
| 035 | _aB-758956 | ||
| 037 | _bउपहार | ||
| 082 | _aक | ||
| 100 |
_aप्रेमचंद _969341 |
||
| 245 |
_aगरीब की हाय/ _cप्रेमचन्द |
||
| 260 |
_aमथुरा _bहिन्दी सेवा सदन _c2023 |
||
| 270 |
_aहालनगंज _bमथुरा _e281001 |
||
| 300 |
_a112 पृष्ठ.; _c21cm. (साजिल्द) |
||
| 942 |
_adpl _cCH _2ddc _hक _mप्रेमचं |
||
| 999 |
_c202691 _d202691 |
||